000
00246nam a22001097a 4500
082
_a
503 KER'C
100
_a
KERROD, ROBIN
_9
76632
245
_a
CONCISE ENCYCLOPEDIA OF SCIENCE
260
_a
LONDON
_b
PURNELL
_c
1974
300
_a
256P
942
_c
BK
999
_c
581979
_d
581979